| 000 | 01031nam a2200241Ia 4500 | ||
|---|---|---|---|
| 999 |
_c39752 _d39752 |
||
| 001 | 6357 | ||
| 003 | GE_BSU | ||
| 005 | 20190507104415.0 | ||
| 008 | 181216s1969||||ge |||||||||||||| ||geo|| | ||
| 040 | _cGE_BSU | ||
| 041 | _ageo | ||
| 080 | _a69(075.8) კ-44 | ||
| 100 |
_aკვაჭაძე, დ. _9516 |
||
| 245 |
_aსამრეწველო და სამოქალაქო მშენებლობის საფუძვლები : _bსახელმძღვ. / _cდ. კვაჭაძე, ვ. ჯაფარიძე ; რედ. ჩ. გურგენიძე. |
||
| 260 | _aთბ. | ||
| 260 | _bგანათლება. | ||
| 260 | _c1969. | ||
| 300 |
_a304 გვ. : _bილ. ; _c20 სმ. |
||
| 653 | _aსამრეწველო და სამოქალაქო მშენებლობა | ||
| 700 |
_aჯაფარიძე, ვ. _eავტორი _9665 |
||
| 700 |
_aგურგენიძე, ჩ. _eრედაქტორი _9514 |
||
| 942 |
_cBK _2udc |
||